| 000 -LEADER |
| fixed length control field |
00415nam a22001697a 4500 |
| 008 - FIXED-LENGTH DATA ELEMENTS--GENERAL INFORMATION |
| fixed length control field |
150923b xxu||||| |||| 00| 0 eng d |
| 020 ## - INTERNATIONAL STANDARD BOOK NUMBER |
| International Standard Book Number |
0135514665 |
| 041 0# - LANGUAGE CODE |
| Language code of text/sound track or separate title |
eng |
| 080 ## - UNIVERSAL DECIMAL CLASSIFICATION NUMBER |
| Universal Decimal Classification number |
658 |
| 245 ## - TITLE STATEMENT |
| Title |
Management / |
| Statement of responsibility, etc |
Stephen P. Robbins; |
| 250 ## - |
| -- |
2nd ed. |
| 260 ## - |
| -- |
New Jersey: |
| -- |
Prentice hall; |
| -- |
1988. |
| 300 ## - |
| -- |
715 f.: |
| -- |
me il.; |
| -- |
25 cm. |
| 650 #0 - |
| -- |
Organizim |
| 650 #0 - |
| -- |
Menaxhim |
| 942 ## - ADDED ENTRY ELEMENTS (KOHA) |
| Source of classification or shelving scheme |
|
| Item type |
Books |